Villes d'Occitanie avec plus de 20 000 habitants - Statistiques

Statistiques générales
  • Ce quiz a été pris 218 fois
  • Le résultat moyen est 17 sur 24
Statistiques - réponses
Hint Réponse % Correct
493 465 hab. Haute-Garonne Toulouse
99%
295 542 hab. Hérault Montpellier
96%
119 344 hab. Pyrénées-Orientales Perpignan
93%
148 561 hab. Gard Nîmes
90%
48 902 hab. Tarn Albi
87%
55 516 hab. Aude Narbonne
86%
78 308 hab. Hérault Béziers
85%
46 825 hab. Aude Carcassonne
83%
24 475 hab. Aveyron Rodez
82%
61 372 hab. Tarn-et-Garonne Montauban
81%
42 758 hab. Hautes-Pyrénées Tarbes
81%
22 173 hab. Gers Auch
77%
42 079 hab. Tarn Castres
74%
43 858 hab. Hérault Sète
71%
21 979 hab. Aveyron Millau
70%
41 837 hab. Gard Alès
65%
29 600 hab. Hérault Agde
60%
25 525 hab. Haute-Garonne Blagnac
60%
39 968 hab. Haute-Garonne Colomiers
51%
26 385 hab. Hérault Lunel
48%
24 797 hab. Haute-Garonne Muret
47%
28 117 hab. Haute-Garonne Tournefeuille
43%
23 028 hab. Hérault Frontignan
33%
22 534 hab. Hérault Castelnau-le-Lez
22%
Aucun quiz correspondant
Distribution des résultats
% des personnes avec chaque résultat
Percentile par nombre de réponses
Votre historique - résultats
Vous n’avez pas pris ce quiz